000 00756nam a2200229 a 4500
005 20210223132237.0
008 131209s2009 es r 000 0 spa d
020 _a9788480768146
035 _aUPN01000194582
049 _aI
050 4 _aQH541.15 E1.9
_bB4.4
100 1 _aBerry, Siân
_934863
245 1 0 _a50 ideas para ahorrar agua y energía /
_cSiân Berry ; tr. Maite Rodríguez Fischer.
260 _aBarcelona, Esp. :
_bBlume,
_c2009.
300 _a128 p. :
_bil.
534 _pTítulo original:
_t50 ways to save water & energy
650 4 _aECOHIDROLOGIA -
_vLITERATURA INFANTIL
_922821
650 4 _aAGUA -
_xAPROVECHAMIENTO
_91020
650 4 _aFUERZA Y ENERGIA -
_vLITERATURA INFANTIL
_911052
905 _aInfantil
999 _c166683
_d166683